000 00454ntaaa2200181 4500
003 01
005 20251027202451.0
008 0714s1973 ag 01
040 _aAR-BaBN
_bspa
_cAR-BaBN
_eaacr
_dRIC
082 _a266.5200 K11
100 _aKagawa, Toyohiko
_9656
245 _aChrist and Japan
250 _a1 ed. :
_bFriendship Press,
_cc/934
300 _a150 p.
650 _aMisiones-Japón
_920203
650 _aJapón-Misiones
_921344
942 _cBK
999 _c19677
_d19677